Statistieken voor Snel rekenen

Klik hier om de quiz te nemen!

Algemene statistieken

  • Deze quiz is 151 keer genomen
  • De gemiddelde score is 18 van 20

Antwoordstatistieken

OpgaveUitkomst% Correct
5 x 945
95%
11 x 555
95%
10 x 440
94%
21 x 10210
93%
8 x 756
93%
6 x 1484
93%
20 x 9180
92%
7 x 1391
92%
23 x 492
91%
8 x 21168
90%
15 x 18270
90%
20 x 17340
89%
18 x 6108
88%
12 x 19228
87%
19 x 11209
85%
22 x 13286
85%
15 x 14210
83%
16 x 12192
82%
22 x 23506
78%
17 x 16272
75%

Scoreverdeling

Percentiel versus Aantal Correcte Antwoorden

Procent van Mensen met Elke Score

Uw Scoregeschiedenis

U heeft deze quiz nog niet genomen